000 00476nam a22001337a 4500
008 150219b xxu||||| |||| 00| 0 eng d
050 _aDT448.33N91
100 _aNyerere, Julius K.
_915446
245 _aThe economic challenge:
_bdialogue or confrontation by President Julius K. Nyerere
_cJulius K. nyerere
260 _aLondon
_bCatholic institute for international relations
_c1975
300 _a6p.
_c14cm.
650 _aTanzania
_xPolitics
_913430
942 _2lcc
_cMONOGRAPH
999 _c122155
_d122155